|
|
|
|
| LEADER |
07395nam a2200529 i 4500 |
| 001 |
44527 |
| 003 |
BD-DhAAL |
| 005 |
20250729170036.0 |
| 008 |
250729t2020 njua 001 0 eng d |
| 010 |
|
|
|a 2018060244
|
| 020 |
|
|
|a 9780135163047
|
| 020 |
|
|
|a 0135163048
|
| 035 |
|
|
|a 20788294
|
| 040 |
|
|
|a DLC
|b eng
|c DLC
|e rda
|d DLC
|d BD-DhAAL
|
| 042 |
|
|
|a pcc
|
| 050 |
0 |
0 |
|a QA154.3
|b .S763 2020
|
| 082 |
0 |
0 |
|a 512.9
|2 23
|
| 100 |
1 |
|
|a Sullivan, Michael,
|d 1942-
|e author.
|9 33321
|
| 245 |
1 |
0 |
|a College algebra /
|c Michael Sullivan, Chicago State University.
|
| 250 |
|
|
|a Eleventh edition.
|
| 260 |
|
|
|a Hoboken, NJ :
|b Pearson,
|c c2020
|
| 300 |
|
|
|a xxx, 725 pages, A1-A10, AN1-AN70 :
|b illustrations ;
|c 28 cm
|
| 500 |
|
|
|a Includes index.
|
| 505 |
0 |
|
|a Equations and inequalities -- Graphs -- Functions and their graphs -- Linear and quadratic functions -- Polynomial and rational functions -- Exponential and logarithmic functions -- Analytic geometry -- Systems of equations and inequalities -- Sequences; induction; the binomial theorem -- Counting and probability.
|
| 526 |
|
|
|a MNS
|x Mir Mozibor Rahman, PhD
Assistant Professor
Department of Mathematics and Natural Sciences
BRAC University
Course Name and No. : Fundamentals of Mathematics (MAT 101)
|
| 541 |
|
|
|a Hye Trade International
|e 44527, 44528, 44529, 44530, 44531, 44532, 44533, 44534, 44535, 44536, 44537, 44538, 44539, 44540, 44541
|
| 650 |
|
0 |
|a Algebra
|v Textbooks.
|
| 650 |
|
0 |
|a Algebra
|x Study and teaching (Higher)
|9 33323
|
| 650 |
|
0 |
|a Mathematics.
|
| 852 |
|
|
|a Ayesha Abed Library
|c General Stacks
|
| 942 |
|
|
|2 ddc
|c BK
|
| 999 |
|
|
|c 47312
|d 47312
|
| 952 |
|
|
|0 0
|1 0
|2 ddc
|4 0
|6 512_900000000000000_SUL
|7 0
|9 77916
|a BRACUL
|b BRACUL
|c GEN
|d 2025-07-28
|e Hye Trade International
|g 28477.00
|l 2
|m 32
|o 512.9 SUL
|p 3010044535
|q 2026-06-02
|r 2026-03-07
|s 2026-03-07
|t 9
|v 28477.00
|w 2025-07-28
|y BK
|x Requisitioned by Mir Mozibor Rahman (Assistant Professor, Department of Mathematics and Natural Sciences) for the course named- "Fundamentals of Mathematics (MAT 101)"
|
| 952 |
|
|
|0 0
|1 0
|2 ddc
|4 0
|6 512_900000000000000_SUL
|7 0
|9 77917
|a BRACUL
|b BRACUL
|c GEN
|d 2025-07-28
|e Hye Trade International
|g 28477.00
|l 5
|m 7
|o 512.9 SUL
|p 3010044538
|q 2026-06-02
|r 2026-05-10
|s 2026-05-10
|t 12
|v 28477.00
|w 2025-07-28
|y BK
|x Requisitioned by Mir Mozibor Rahman (Assistant Professor, Department of Mathematics and Natural Sciences) for the course named- "Fundamentals of Mathematics (MAT 101)"
|
| 952 |
|
|
|0 0
|1 0
|2 ddc
|4 0
|6 512_900000000000000_SUL
|7 0
|9 77918
|a BRACUL
|b BRACUL
|c GEN
|d 2025-07-28
|e Hye Trade International
|g 28477.00
|l 1
|m 29
|o 512.9 SUL
|p 3010044540
|r 2026-04-12
|s 2025-10-29
|t 14
|v 28477.00
|w 2025-07-28
|y BK
|x Requisitioned by Mir Mozibor Rahman (Assistant Professor, Department of Mathematics and Natural Sciences) for the course named- "Fundamentals of Mathematics (MAT 101)"
|
| 952 |
|
|
|0 0
|1 0
|2 ddc
|4 0
|6 512_900000000000000_SUL
|7 0
|9 77919
|a BRACUL
|b BRACUL
|c GEN
|d 2025-07-28
|e Hye Trade International
|g 28477.00
|l 3
|m 20
|o 512.9 SUL
|p 3010044539
|r 2026-04-19
|s 2026-02-03
|t 13
|v 28477.00
|w 2025-07-28
|y BK
|x Requisitioned by Mir Mozibor Rahman (Assistant Professor, Department of Mathematics and Natural Sciences) for the course named- "Fundamentals of Mathematics (MAT 101)"
|
| 952 |
|
|
|0 0
|1 0
|2 ddc
|4 0
|6 512_900000000000000_SUL
|7 0
|9 77920
|a BRACUL
|b BRACUL
|c GEN
|d 2025-07-28
|e Hye Trade International
|g 28477.00
|l 4
|m 8
|o 512.9 SUL
|p 3010044530
|r 2026-05-19
|s 2026-04-18
|t 4
|v 28477.00
|w 2025-07-28
|y BK
|x Requisitioned by Mir Mozibor Rahman (Assistant Professor, Department of Mathematics and Natural Sciences) for the course named- "Fundamentals of Mathematics (MAT 101)"
|
| 952 |
|
|
|0 0
|1 0
|2 ddc
|4 0
|6 512_900000000000000_SUL
|7 0
|9 77921
|a BRACUL
|b BRACUL
|c GEN
|d 2025-07-28
|e Hye Trade International
|g 28477.00
|l 3
|m 1
|o 512.9 SUL
|p 3010044541
|r 2026-04-08
|s 2026-04-05
|t 15
|v 28477.00
|w 2025-07-28
|y BK
|x Requisitioned by Mir Mozibor Rahman (Assistant Professor, Department of Mathematics and Natural Sciences) for the course named- "Fundamentals of Mathematics (MAT 101)"
|
| 952 |
|
|
|0 0
|1 0
|2 ddc
|4 0
|6 512_900000000000000_SUL
|7 0
|9 77922
|a BRACUL
|b BRACUL
|c CIR
|d 2025-07-28
|e Hye Trade International
|g 28477.00
|l 0
|o 512.9 SUL
|p 3010044527
|r 2025-07-28
|t 1
|v 56954.00
|w 2025-07-28
|y 1HOUR
|x Requisitioned by Mir Mozibor Rahman (Assistant Professor, Department of Mathematics and Natural Sciences) for the course named- "Fundamentals of Mathematics (MAT 101)"
|
| 952 |
|
|
|0 0
|1 0
|2 ddc
|4 0
|6 512_900000000000000_SUL
|7 0
|9 77923
|a BRACUL
|b BRACUL
|c GEN
|d 2025-07-28
|e Hye Trade International
|g 28477.00
|l 1
|m 9
|o 512.9 SUL
|p 3010044532
|r 2026-04-25
|s 2026-02-05
|t 6
|v 28477.00
|w 2025-07-28
|y BK
|x Requisitioned by Mir Mozibor Rahman (Assistant Professor, Department of Mathematics and Natural Sciences) for the course named- "Fundamentals of Mathematics (MAT 101)"
|
| 952 |
|
|
|0 0
|1 0
|2 ddc
|4 0
|6 512_900000000000000_SUL
|7 0
|9 77924
|a BRACUL
|b BRACUL
|c CIR
|d 2025-07-28
|e Hye Trade International
|g 28477.00
|l 0
|o 512.9 SUL
|p 3010044528
|r 2025-07-28
|t 2
|v 28477.00
|w 2025-07-28
|y 1HOUR
|x Requisitioned by Mir Mozibor Rahman (Assistant Professor, Department of Mathematics and Natural Sciences) for the course named- "Fundamentals of Mathematics (MAT 101)"
|
| 952 |
|
|
|0 0
|1 0
|2 ddc
|4 0
|6 512_900000000000000_SUL
|7 0
|9 77925
|a BRACUL
|b BRACUL
|c NEW
|d 2025-07-28
|e Hye Trade International
|g 28477.00
|l 4
|m 36
|o 512.9 SUL
|p 3010044529
|r 2026-05-20
|s 2026-05-07
|t 3
|v 28477.00
|w 2025-07-28
|y BK
|x Requisitioned by Mir Mozibor Rahman (Assistant Professor, Department of Mathematics and Natural Sciences) for the course named- "Fundamentals of Mathematics (MAT 101)"
|
| 952 |
|
|
|0 0
|1 0
|2 ddc
|4 0
|6 512_900000000000000_SUL
|7 0
|9 77926
|a BRACUL
|b BRACUL
|c GEN
|d 2025-07-28
|e Hye Trade International
|g 28477.00
|l 2
|m 17
|o 512.9 SUL
|p 3010044537
|r 2026-05-19
|s 2026-02-01
|t 11
|v 28477.00
|w 2025-07-28
|y BK
|x Requisitioned by Mir Mozibor Rahman (Assistant Professor, Department of Mathematics and Natural Sciences) for the course named- "Fundamentals of Mathematics (MAT 101)"
|
| 952 |
|
|
|0 0
|1 0
|2 ddc
|4 0
|6 512_900000000000000_SUL
|7 0
|9 77927
|a BRACUL
|b BRACUL
|c GEN
|d 2025-07-28
|e Hye Trade International
|g 28477.00
|l 2
|m 14
|o 512.9 SUL
|p 3010044531
|q 2026-06-02
|r 2026-03-07
|s 2026-03-07
|t 5
|v 28477.00
|w 2025-07-28
|y BK
|x Requisitioned by Mir Mozibor Rahman (Assistant Professor, Department of Mathematics and Natural Sciences) for the course named- "Fundamentals of Mathematics (MAT 101)"
|
| 952 |
|
|
|0 0
|1 0
|2 ddc
|4 0
|6 512_900000000000000_SUL
|7 0
|9 77928
|a BRACUL
|b BRACUL
|c GEN
|d 2025-07-28
|e Hye Trade International
|g 28477.00
|l 3
|m 12
|o 512.9 SUL
|p 3010044534
|r 2026-04-06
|s 2026-03-05
|t 8
|v 28477.00
|w 2025-07-28
|y BK
|x Requisitioned by Mir Mozibor Rahman (Assistant Professor, Department of Mathematics and Natural Sciences) for the course named- "Fundamentals of Mathematics (MAT 101)"
|
| 952 |
|
|
|0 0
|1 0
|2 ddc
|4 0
|6 512_900000000000000_SUL
|7 0
|9 77929
|a BRACUL
|b BRACUL
|c GEN
|d 2025-07-28
|e Hye Trade International
|g 28477.00
|l 5
|m 8
|o 512.9 SUL
|p 3010044533
|r 2026-05-20
|s 2026-04-06
|t 7
|v 28477.00
|w 2025-07-28
|y BK
|x Requisitioned by Mir Mozibor Rahman (Assistant Professor, Department of Mathematics and Natural Sciences) for the course named- "Fundamentals of Mathematics (MAT 101)"
|
| 952 |
|
|
|0 0
|1 0
|2 ddc
|4 0
|6 512_900000000000000_SUL
|7 0
|9 77930
|a BRACUL
|b BRACUL
|c GEN
|d 2025-07-28
|e Hye Trade International
|g 28477.00
|l 1
|m 27
|o 512.9 SUL
|p 3010044536
|q 2026-06-02
|r 2025-10-21
|s 2025-10-21
|t 10
|v 28477.00
|w 2025-07-28
|y BK
|x Requisitioned by Mir Mozibor Rahman (Assistant Professor, Department of Mathematics and Natural Sciences) for the course named- "Fundamentals of Mathematics (MAT 101)"
|